Aprender a enseñar: seis síntesis de criterios didácticos para el docente

Guardat en:
Dades bibliogràfiques
Autor principal: Ramírez Rojas, Carlos José (autor)
Format: Llibre
Idioma:espanyol
Publicat: Valparaíso Universidad Católica de Valparaíso 1988
Matèries:
Etiquetes: Afegir etiqueta
Sense etiquetes, Sigues el primer a etiquetar aquest registre!

MARC

LEADER 00000nam a2200000 a 4500
001 UCV0565
003 CL-VaPUC
008 881026e19880000CL |||||||||||||||||spa|d
082 0 4 |a 371.302  |b RAM  |2 21 
100 |a Ramírez Rojas, Carlos José  |e autor  |9 752319 
245 1 0 |a Aprender a enseñar: seis síntesis de criterios didácticos para el docente 
300 |a 153 p 
942 |c BK 
945 |d 19881026 00:00:00 
260 |a Valparaíso  |b Universidad Católica de Valparaíso  |c 1988 
650 7 |a FORMACION PROFESIONAL DE MAESTROS  |2 CL-VaPUC  |9 255350 
650 0 |a Pedagogía  |9 255351 
650 0 |a Técnicas de enseñanza   |9 255352 
583 |a last modification  |c 19881026 00:00:00  |k Rodrigo Vera 
999 |c 208958  |d 208956 
952 |0 0  |1 2  |4 0  |6 371_302000000000000_RAM_1988  |7 0  |8 A  |9 183993  |a BIBTEO  |b BIBTEO  |d 2019-11-14  |i 250961K  |o 371.302 RAM 1988  |p 250961K  |r 2019-11-14  |w 2019-11-14  |x Descarte 2019  |y BK  |k ICR 
952 |0 0  |1 0  |4 0  |6 371_302000000000000_RAM_1988  |7 0  |8 P  |9 183994  |a BIBEDU  |b BIBEDU  |c BIBEDU_PB  |d 2019-11-14  |i 2509636  |o 371.302 RAM 1988  |p 2509636  |r 2024-01-25  |w 2019-11-14  |y BK  |k EDU 
952 |0 0  |1 0  |4 0  |6 371_302000000000000_RAM_1988  |7 0  |8 P  |9 183995  |a BIBEDU  |b BIBEDU  |c BIBEDU_PB  |d 2019-11-14  |i 2509644  |o 371.302 RAM 1988  |p 2509644  |r 2024-01-25  |w 2019-11-14  |y BK  |k EDU 
952 |0 0  |1 0  |4 0  |6 371_302000000000000_RAM_1988  |7 0  |8 P  |9 183996  |a BIBEDU  |b BIBEDU  |c BIBEDU_PB  |d 2019-11-14  |i 2509652  |o 371.302 RAM 1988  |p 2509652  |r 2024-01-25  |w 2019-11-14  |y BK  |k EDU 
952 |0 0  |1 0  |4 0  |6 371_302000000000000_RAM_1988  |7 0  |8 P  |9 183997  |a BIBEDU  |b BIBEDU  |c BIBEDU_PB  |d 2019-11-14  |i 2509660  |o 371.302 RAM 1988  |p 2509660  |r 2024-01-25  |w 2019-11-14  |y BK  |k EDU 
952 |0 0  |1 0  |4 0  |6 371_302000000000000_RAM_1988  |7 0  |8 P  |9 183998  |a BIBEDU  |b BIBEDU  |c BIBEDU_PB  |d 2019-11-14  |i 2509679  |o 371.302 RAM 1988  |p 2509679  |r 2024-01-25  |w 2019-11-14  |y BK  |k EDU 
952 |0 0  |1 0  |4 0  |6 371_302000000000000_RAM_1988  |7 0  |8 P  |9 183999  |a BIBEDU  |b BIBEDU  |c BIBEDU_PB  |d 2019-11-14  |i 2509687  |o 371.302 RAM 1988  |p 2509687  |r 2024-01-25  |w 2019-11-14  |y BK  |k EDU 
952 |0 0  |1 0  |4 0  |6 371_302000000000000_RAM_1988  |7 0  |8 P  |9 184000  |a BIBEDU  |b BIBEDU  |c BIBEDU_PB  |d 2019-11-14  |i 2509695  |o 371.302 RAM 1988  |p 2509695  |r 2024-01-25  |w 2019-11-14  |y BK  |k EDU 
952 |0 0  |1 0  |4 0  |6 371_302000000000000_RAM_1988  |7 0  |8 P  |9 184001  |a BIBEDU  |b BIBEDU  |c BIBEDU_PB  |d 2019-11-14  |i 2509709  |o 371.302 RAM 1988  |p 2509709  |r 2024-01-25  |w 2019-11-14  |y BK  |k EDU 
952 |0 0  |1 0  |4 0  |6 371_302000000000000_RAM_1988  |7 0  |8 P  |9 184002  |a BIBEDU  |b BIBEDU  |c BIBEDU_PB  |d 2019-11-14  |i 2509717  |o 371.302 RAM 1988  |p 2509717  |r 2024-01-25  |w 2019-11-14  |y BK  |k EDU 
952 |0 0  |1 0  |4 0  |6 371_302000000000000_RAM_1988  |7 0  |8 P  |9 184003  |a BIBEDU  |b BIBEDU  |c BIBEDU_PB  |d 2019-11-14  |i 2509725  |o 371.302 RAM 1988  |p 2509725  |r 2024-01-25  |w 2019-11-14  |y BK  |k EDU 
952 |0 0  |1 0  |4 0  |6 371_302000000000000_RAM_1988  |7 0  |8 P  |9 184004  |a BIBDER  |b BIBDER  |d 2019-11-14  |i 2509733  |o 371.302 RAM 1988  |p 2509733  |r 2023-01-25  |w 2019-11-14  |y BK  |k DER 
952 |0 0  |1 0  |4 0  |6 371_302000000000000_RAM_1988  |7 0  |8 P  |9 184006  |a BIBEDU  |b BIBEDU  |c BIBEDU_PB  |d 2019-11-14  |i 2509768  |o 371.302 RAM 1988  |p 2509768  |r 2024-01-25  |w 2019-11-14  |y BK  |k FIL 
952 |0 0  |1 0  |4 0  |6 371_302000000000000_RAM_1988  |7 0  |8 A  |9 184008  |a BIBMAT  |b BIBMAT  |c E_DIDACT  |d 2019-11-14  |i 2509784  |o 371.302 RAM 1988  |p 2509784  |r 2025-01-07  |w 2019-11-14  |y BK  |k MAT 
952 |0 0  |1 0  |4 0  |6 371_302000000000000_RAM_1988  |7 0  |8 P  |9 184009  |a BIBEDU  |b BIBEDU  |c BIBEDU_PB  |d 2019-11-14  |i 2509792  |o 371.302 RAM 1988  |p 2509792  |r 2024-01-25  |w 2019-11-14  |y BK  |k EDU 
952 |0 0  |1 0  |4 0  |6 371_302000000000000_RAM_1988  |7 0  |8 P  |9 184010  |a BIBEDU  |b BIBEDU  |c BIBEDU_PB  |d 2019-11-14  |i 2509806  |o 371.302 RAM 1988  |p 2509806  |r 2024-01-25  |w 2019-11-14  |y BK  |k EDU 
952 |0 0  |1 0  |4 0  |6 371_302000000000000_RAM_1988  |7 0  |8 P  |9 184011  |a BIBEDU  |b BIBEDU  |c BIBEDU_PB  |d 2019-11-14  |i 1550128  |o 371.302 RAM 1988  |p 1550128  |r 2024-01-25  |w 2019-11-14  |y BK  |k EDU 
952 |0 0  |1 0  |4 0  |6 371_302000000000000_RAM_1988  |7 0  |8 A  |9 184012  |a BIBGIM  |b BIBGIM  |d 2019-11-14  |i 1999370  |o 371.302 RAM 1988  |p 1999370  |r 2025-01-15  |w 2019-11-14  |y BK  |k COM